Bits o paper : les conclusions del 1er. congrés de la publicació electrònica / edició i recopilació de textos [de] Silvia Llompart les conclusions del 1er. congrés de la publicació electrònica / edició i recopilació de textos [de] Silvia Llompart
Descripción Física:
125 p. ; 24 cm
Colección:
Col·lecció ones i bits ; 2
Materias:
Publicacions electròniques -- Congressos
MARC
| LEADER | 00000nam a2200000Ia 4500 | ||
|---|---|---|---|
| 001 | 12767 | ||
| 008 | 160829s2000 xx 000 0 cat d | ||
| 080 | |a C-1-282 | ||
| 100 | |a Llompart, Silvia |9 35158 | ||
| 245 | |a Bits o paper : |b les conclusions del 1er. congrés de la publicació electrònica / edició i recopilació de textos [de] Silvia Llompart | ||
| 260 | |a Barcelona : |b Diputació de Barcelona ; Col·legi de Periodistes de Catalunya, |c 2000 | ||
| 300 | |a 125 p. ; |c 24 cm | ||
| 490 | |a Col·lecció ones i bits ; 2 | ||
| 650 | |a Publicacions electròniques |x Congressos |9 35159 | ||
| 710 | 2 | |a Col·legi de Periodistes de Catalunya |9 52967 | |
| 710 | 1 | |a Barcelona (Catalunya : Província). |b Diputació |9 52408 | |
| 901 | |a Arxiu | ||
| 942 | |n 1 | ||
| 952 | |0 0 |1 0 |4 0 |6 C1282 |7 1 |9 46791 |a Arxiu |b Arxiu |d 2016-12-01 |l 0 |o C-1-282 |p 12767 |r 2016-12-01 00:00:00 |w 2016-12-01 |y ARXIU | ||
| 999 | |c 50584 |d 50584 | ||